El lenguaje de la arquitectura posmoderna (Registro nro. 164464)
[ vista simple ]
| 000 -ENCABEZADO | |
|---|---|
| Número de control [NR] | 01058 a2200265 4500 |
| 008 - DE LONGITUD FIJA DE DATOS DE ELEMENTOS - INFORMACIÓN GENERAL | |
| Elementos de longitud fija [NR] | 130821s1986 sp aoe gr spa |
| 020 ## - NUMERO INTERNACIONAL NORMALIZADO PARA LIBROS [R] | |
| Número Internacional Normalizado del libro [NR] | 8425211956 |
| 040 ## - FUENTE DE CATALOGACION [NR] | |
| Quien Cataloga | |
| Quien Clasifica | Aldemar Mondragón |
| Agencia de catalogación original [NR] | CO-BoUCM |
| Idioma de catalogación [NR] | Español |
| 041 00 - CODIGO DE IDIOMA [R] | |
| Código de idioma para texto/pista de sonido o título separado [R] | Español |
| 082 04 - NUMERO DE CLASIFICACION DECIMAL DEWEY [R] | |
| Número de la edición [NR] | 20 |
| Número de clasificación [R] | 724.6 |
| 100 1# - ASIENTO PRINCIPAL--NOMBRE PERSONAL [NR] | |
| Nombre personal [NR] | Jencks, Charles |
| ID Autoridad | 29242 |
| 245 13 - MENCION DE TITULO [NR] | |
| Título [NR] | El lenguaje de la arquitectura posmoderna |
| Mención de responsabilidad, etc. [NR] | Charles Jencks ; versión castellana Ricardo Pérdigo Nárdiz y Antonia Kerrigan Gurevitch |
| 250 ## - MENCION DE EDICION [NR] | |
| Mención de edición [NR] | 3a ed |
| Resto de la mención de edición [NR] | ampliada |
| 260 ## - PUBLICACION, DISTRIBUCION, ETC. (PIE DE IMPRENTA) [R] | |
| Lugar de publicación, distribución, etc. [R] | Barcelona (España) |
| Nombre del editor, distribuidor, etc. [R] | Editorial Gustavo Gili |
| Fecha de publicación, distribución, etc. [R] | 1986 |
| 300 ## - DESCRIPCION FISICA [R] | |
| Extensión [R] | 168 |
| Otros detalles físicos [NR] | ilustraciones, gráficas, fotografías, planos |
| 500 ## - NOTA GENERAL [R] | |
| Nota general [NR] | Incluye índice |
| 650 ## - ASIENTO SECUNDARIO DE MATERIA - TERMINO TEMATICO [R] | |
| Término temático o nombre geográfico como elemento de entrada [NR] | Arquitectura |
| 9 (RLIN) | 7290 |
| 650 #7 - ASIENTO SECUNDARIO DE MATERIA - TERMINO TEMATICO [R] | |
| Término temático o nombre geográfico como elemento de entrada [NR] | Arquitectura moderna |
| 9 (RLIN) | 7294 |
| 650 #7 - ASIENTO SECUNDARIO DE MATERIA - TERMINO TEMATICO [R] | |
| Término temático o nombre geográfico como elemento de entrada [NR] | Arquitectura postmoderna |
| 9 (RLIN) | 29888 |
| 650 #7 - ASIENTO SECUNDARIO DE MATERIA - TERMINO TEMATICO [R] | |
| Término temático o nombre geográfico como elemento de entrada [NR] | Arquitectura |
| Subdivisión cronológica [R] | Siglo XX |
| 9 (RLIN) | 29889 |
| 700 1# - ASIENTO SECUNDARIO - NOMBRE PERSONAL [R] | |
| Nombre personal [NR] | Kerrigan Gurevitch, Antonia |
| Término de relación [R] | traductor |
| 9 (RLIN) | 29261 |
| 700 1# - ASIENTO SECUNDARIO - NOMBRE PERSONAL [R] | |
| Nombre personal [NR] | Pérdigo Nárdiz, Ricardo |
| Término de relación [R] | traductor |
| 9 (RLIN) | 29260 |
| 765 0# - ASIENTO DE IDIOMA ORIGINAL [R] | |
| Asiento principal [NR] | The lenguage of post-modern architecture |
| 942 ## - ELEMENTOS DE ENTRADA AGREGADOS (KOHA) | |
| Tipo de ítem principal el descrito en 300a | Libro |
| Tema principal | Arte |
| Edición | 3 |
| Parte restante de la signatura top. | J517l |
| Sistema de clasificación | DEWEY |
| Clasificación | 724.6 |
| Suprimido | Perdido | Sistema de clasificación | Dañado | No prestable | Tipo de ítem específico | Ubicación habitual | Ubicación actual | Localización | Fecha de creación | Forma de adquisición | Volúmen / Fascículo | Total préstamos | Signatura topográfica | Código de barras | Última vez visto | Fecha de último préstamo | Ejemplar | Price effective from | Tipo de ítem |
|---|---|---|---|---|---|---|---|---|---|---|---|---|---|---|---|---|---|---|---|
| DEWEY | Libro | Claustro | Claustro | 2do piso | 08/02/2013 | Donación | 3a. Ed. | 1 | 724.6 J517L | 100130118 | 06/12/2025 | 25/07/2019 | Ej.1 | 08/02/2013 | Libro |